| 000 | 02428nam0a2200385 4500 | ||
|---|---|---|---|
| 001 | RU\NLR\BIBL_A\012883383 | ||
| 005 | 20250624212649.0 | ||
| 010 |
_a978-5-17-146549-0 _92000 |
||
| 021 |
_aRU _b2022-45777 _9КН-П-3957 |
||
| 035 | _a(RuMoRGB)011142078 | ||
| 035 | _a(NLR Aleph) 012883383 | ||
| 090 |
_a12527350 _c12527350 |
||
| 100 | _a20220906d2022 |||y0rusy50 ca | ||
| 101 | 0 | _arus | |
| 102 | _aRU | ||
| 105 | _aa|||z|||000gy | ||
| 181 | 0 |
_ai3 _baxxe |
|
| 181 | 0 |
_ab1 _bxb2e |
|
| 182 | 0 | _an | |
| 200 | 1 |
_aЯ учусь говорить правильно _eскороговорки для развития речи _eдля занятий родителей с детьми дошкольного возраста _e[4-6 лет] _fЕ. В. Лаптева |
|
| 203 |
_aТекст _aИзображение _bвизуальные _cнепосредственные |
||
| 210 |
_aМосква _cLingua _cАСТ _d2022 |
||
| 215 |
_a78 с. _cцв. ил. _d22 |
||
| 225 | 1 | _aСуперобучалочка | |
| 330 | _aПредлагаемая книга включает большое количество простых и весёлых скороговорок, подобранных с учётом возрастных особенностей дошкольников. Скороговорки расположены по фонетическому принципу и рассчитаны на проработку всех звуков. В книге даются рекомендации родителям по индивидуальной работе с ребёнком, а также предлагаются различные вариации упражнений и речевых игр. Книга рассчитана для занятий родителей с детьми дошкольного возраста, в частности будет очень полезна детям с речевыми дефектами | ||
| 333 | _a0+ | ||
| 606 | 1 |
_aДетская речь _xДефекты _xИсправление _xИспользование скороговорок _92588100 _3RU\NLR\AUTH\661529612 |
|
| 675 |
_a373.2.025 _v4 |
||
| 675 |
_a821.161.1-93 _v4 |
||
| 686 | 1 | _aЧ437.92 | |
| 700 | 1 |
_7ca _8rus _aЛаптева _bЕ. В. _gЕлена Валерьевна _9139728 _3RU\NLR\AUTH\770139763 |
|
| 942 | _cBOOK | ||
| 980 | _aNB | ||